El progresismo en un rumbo incierto: el caso de Chile /
Αποθηκεύτηκε σε:
| Κύριος συγγραφέας: | |
|---|---|
| Μορφή: | Βιβλίο |
| Γλώσσα: | Spanish |
| Ετικέτες: |
Προσθήκη ετικέτας
Δεν υπάρχουν, Καταχωρήστε ετικέτα πρώτοι!
|
MARC
| LEADER | 00000nam a22000007a 4500 | ||
|---|---|---|---|
| 003 | cru CIDCACS/IIS | ||
| 005 | 20170719092413.0 | ||
| 007 | ta | ||
| 008 | 170713s2016 ag ||||| |||| 00| 0 spa d | ||
| 999 | |c 19445 |d 19445 | ||
| 040 | |c cru CIDCACS/IIS | ||
| 100 | 1 | |9 4986 |a Martner, Gonzalo D. | |
| 245 | 1 | 3 | |a El progresismo en un rumbo incierto: |b el caso de Chile / |c Gonzalo D. Martner |
| 300 | |a páginas 128-138 | ||
| 773 | 0 | |0 19022 |9 1032 |a Fundación Friedrich Ebert |d Fundación Friedrich Ebert; Nueva Sociedad |o 17841 |t Nueva Sociedad / | |
| 942 | |2 ddc |c PP | ||
